MARC
| LEADER | 00000 a a2200000 04500 | ||
|---|---|---|---|
| 001 | 30980 | ||
| 003 | |||
| 040 | |||
| 020 | |a 99923-838-4-4 | ||
| 090 | |a 197200 | ||
| 110 | |a Programa de Naciones Unidas para el Desarrollo PNUD | ||
| 245 | |a Armas de Fuego y Violencia | ||
| 260 | |a San Salvador: |b PNUD | ||
| 300 | |a 257 p. | ||
| 650 | |a VIOLENCIA | ||
| 650 | |a ARMAS | ||
| 650 | |a LEGISLACION | ||
| 650 | |a FUNCION PUBLICA | ||
| 650 | |a MEDIO CULTURAL | ||
| 999 | |c 17173 |d 17173 | ||



